Повышение эффективности систем тягового электропривода автономных транспортных средств

Podrobná bibliografie
Hlavní autor: Аносов В. Н. Владимир Николаевич
Další autoři: Кавешников В. М. Владимир Михайлович
Shrnutí:Рассматриваются различные способы повышения эффективности функционирования аккумуляторных транспортных средств, в частности использование в составе энергоустановки силовых фильтров и буферных источников питания. Дан новый подход к математическому описанию источников питания, заданных зарядно-разрядными харак­теристиками. Предложен обобщенный критерий эффективности для синтеза и сравнительной оценки систем тягового электропривода.Книга предназначена научным сотрудникам и инженерам, аспи­рантам и магистрантам, занимающимся разработкой и исследованием систем автоматического управления автономных транспортных средств.
Jazyk:ruština
Vydáno: Новосибирск, Изд-во НГТУ, 2014
Edice:Монографии НГТУ
Témata:
Médium: MixedMaterials Kniha
KOHA link:https://koha.lib.tpu.ru/cgi-bin/koha/opac-detail.pl?biblionumber=292232

MARC

LEADER 00000nam0a2200000 4500
001 292232
005 20231102000456.0
010 |a 9785778225749 
035 |a (RuTPU)RU\TPU\book\316847 
090 |a 292232 
100 |a 20150421d2014 k y0rusy50 ca 
101 0 |a rus 
102 |a RU 
105 |a a z 001zy 
200 1 |a Повышение эффективности систем тягового электропривода автономных транспортных средств  |f В. Н. Аносов, В. М. Кавешников 
210 |a Новосибирск  |c Изд-во НГТУ  |d 2014 
215 |a 220 с.  |c ил. 
225 1 |a Монографии НГТУ 
320 |a Библиогр.: с. 183-194. 
330 |a Рассматриваются различные способы повышения эффективности функционирования аккумуляторных транспортных средств, в частности использование в составе энергоустановки силовых фильтров и буферных источников питания. Дан новый подход к математическому описанию источников питания, заданных зарядно-разрядными харак­теристиками. Предложен обобщенный критерий эффективности для синтеза и сравнительной оценки систем тягового электропривода.Книга предназначена научным сотрудникам и инженерам, аспи­рантам и магистрантам, занимающимся разработкой и исследованием систем автоматического управления автономных транспортных средств. 
606 1 |a Электродвигатели тяговые  |x Коммутация  |2 stltpush  |3 (RuTPU)RU\TPU\subj\19932  |9 45095 
610 1 |a автономные транспортные средства 
610 1 |a тяговые аккумуляторные батареи 
610 1 |a накопители энергии 
610 1 |a внешние воздействия 
610 1 |a питание 
610 1 |a математические модели 
610 1 |a силовые фильтры 
610 1 |a синтез 
610 1 |a комбинированные энергоустановки 
610 1 |a монографии 
610 1 |a источники 
675 |a 621.333  |v 4 
700 1 |a Аносов  |b В. Н.  |g Владимир Николаевич 
701 1 |a Кавешников  |b В. М.  |g Владимир Михайлович 
801 1 |a RU  |b 63413507  |c 20150421 
801 2 |a RU  |b 63413507  |c 20160919  |g RCR 
900 |a Электропривод и автоматика 
900 |a Автоматическое управление 
942 |c BK 
959 |a 56/20150421  |d 1  |e 350,00  |f ЧЗТЛ:1 
959 |a 84/20150605  |d 1  |e 350,00  |f ЧЗТЛ:1